00433nam a2200145 a 4500020001800000082001800018100001700036245009700053260004000150300000900190500003500199505001700234650001900251700001700270 a978812503755200a320.0954bNAN aNandy, Ashis aWritings of Rajni Kothari: politics in India, Caste in India politics, rethinking democracy  aNew Delhi bOrient Blackswan c2009 a470p aincludes index and biblioraphy2 apart 1 and 2 aPolitics-India1 aNandy, Ashis